Vekerdi László emlékére
Elmentve itt :
| Szerzők: | |
|---|---|
| Dokumentumtípus: | Cikk |
| Megjelent: |
2010-01-14
|
| Sorozat: | Délmagyarország
100 No. 11 |
| Kulcsszavak: | Vekerdi László 1924-2009, Hódmezővásárhely, Nekrológ, Művelődéstörténész |
| Online Access: | http://dmarchiv.bibl.u-szeged.hu/142669 |
| LEADER | 00558nab a2200169 i 4500 | ||
|---|---|---|---|
| 001 | delm142669 | ||
| 005 | 20200214082112.0 | ||
| 008 | 200214s2010 hu o 0|| hun d | ||
| 040 | |a SZTE Délmagyarország Archívum |b hun | ||
| 041 | |a hun | ||
| 100 | 1 | |a Lázár János | |
| 245 | 1 | 0 | |a Vekerdi László emlékére |h [elektronikus dokumentum] / |c Lázár János |
| 260 | |c 2010-01-14 | ||
| 300 | |a 10 | ||
| 490 | 0 | |a Délmagyarország |v 100 No. 11 | |
| 695 | |a Vekerdi László 1924-2009, Hódmezővásárhely, Nekrológ, Művelődéstörténész | ||
| 700 | 0 | 1 | |a Vekerdi László |e aut |